[Event "Blitz 2018"]
[Site "Saint-Petersburg"]
[Date "2018.12.29"]
[Round "1"]
[Board "24"]
[White "Bogumil Tatiana (RUS)"]
[Black "Guichard Pauline (FRA)"]
[Result "0-1"]
[BlackElo "2378"]
[WhiteElo "2140"]
[LiveChessVersion "1.4.8"]

1. Nf3 {[%clk 0:03:02]} Nf6 {[%clk 0:03:03]} 2. c4 {[%clk 0:03:03]} g6
{[%clk 0:03:04]} 3. b3 {[%clk 0:03:04]} Bg7 {[%clk 0:03:04]} 4. Bb2
{[%clk 0:03:06]} O-O {[%clk 0:03:04]} 5. g3 {[%clk 0:03:07]} d6 {[%clk 0:02:56]}
6. d4 {[%clk 0:03:06]} Nc6 {[%clk 0:02:53]} 7. Nc3 {[%clk 0:02:43]} e5
{[%clk 0:02:52]} 8. Bg2 {[%clk 0:02:17]} Bg4 {[%clk 0:02:38]} 9. dxe5
{[%clk 0:01:38]} dxe5 {[%clk 0:02:37]} 10. Nd5 {[%clk 0:01:08]} Nxd5
{[%clk 0:01:51]} 11. cxd5 {[%clk 0:01:00]} e4 {[%clk 0:01:49]} 12. Bxg7
{[%clk 0:00:12]} exf3 {[%clk 0:01:50]} 13. Bxf8 {[%clk 0:00:09]} fxg2
{[%clk 0:01:48]} 14. Rg1 Qxf8 {[%clk 0:01:29]} 15. dxc6 {[%clk 0:00:04]} Rd8
{[%clk 0:01:30]} 16. Qc2 {[%clk 0:00:05]} Qb4+ {[%clk 0:01:30]} 17. Rh1 0-1

[Event "Blitz 2018"]
[Site "Saint-Petersburg"]
[Date "2018.12.29"]
[Round "1"]
[Board "25"]
[White "Khademalsharieh Sarasadat (IRI)"]
[Black "Styazhkina Anna (RUS)"]
[Result "0-1"]
[BlackElo "2137"]
[WhiteElo "2377"]
[LiveChessVersion "1.4.8"]

1. d4 {[%clk 0:03:02]} d5 {[%clk 0:03:03]} 2. c4 {[%clk 0:03:02]} c6
{[%clk 0:03:02]} 3. Nf3 {[%clk 0:03:03]} Nf6 {[%clk 0:03:03]} 4. e3
{[%clk 0:03:04]} a6 {[%clk 0:03:04]} 5. Nbd2 {[%clk 0:03:03]} h6 {[%clk 0:03:00]}
6. b3 {[%clk 0:03:04]} Bf5 {[%clk 0:02:55]} 7. Bb2 {[%clk 0:03:04]} e6
{[%clk 0:02:55]} 8. Be2 {[%clk 0:03:02]} Be7 {[%clk 0:02:44]} 9. O-O
{[%clk 0:03:02]} O-O {[%clk 0:02:42]} 10. c5 {[%clk 0:02:50]} Nbd7
{[%clk 0:02:32]} 11. b4 {[%clk 0:02:51]} Ne4 {[%clk 0:02:33]} 12. Nxe4
{[%clk 0:02:19]} Bxe4 {[%clk 0:02:33]} 13. Nd2 {[%clk 0:02:19]} Bg6
{[%clk 0:02:33]} 14. Nb3 {[%clk 0:02:20]} Bf6 {[%clk 0:02:34]} 15. f4
{[%clk 0:02:19]} a5 {[%clk 0:01:36]} 16. bxa5 {[%clk 0:02:12]} Qc7
{[%clk 0:01:04]} 17. Bc3 {[%clk 0:02:13]} Bd8 {[%clk 0:00:35]} 18. Qd2
{[%clk 0:02:04]} f6 {[%clk 0:00:29]} 19. Bg4 {[%clk 0:02:02]} Re8
{[%clk 0:00:25]} 20. Qb2 {[%clk 0:02:02]} Qc8 {[%clk 0:00:18]} 21. Rae1
{[%clk 0:01:54]} Bc7 {[%clk 0:00:18]} 22. Qe2 {[%clk 0:01:40]} Qd8
{[%clk 0:00:12]} 23. Bh5 {[%clk 0:01:32]} Bxh5 {[%clk 0:00:10]} 24. Qxh5
{[%clk 0:01:33]} Qe7 {[%clk 0:00:09]} 25. e4 {[%clk 0:01:30]} dxe4
{[%clk 0:00:09]} 26. Rxe4 {[%clk 0:01:31]} f5 {[%clk 0:00:10]} 27. Re2
{[%clk 0:01:30]} Nf6 {[%clk 0:00:11]} 28. Qf3 {[%clk 0:01:26]} Ne4
{[%clk 0:00:10]} 29. Rb2 {[%clk 0:00:47]} Qd7 {[%clk 0:00:08]} 30. Bd2
{[%clk 0:00:37]} Bd8 {[%clk 0:00:09]} 31. Be3 {[%clk 0:00:38]} Bf6
{[%clk 0:00:10]} 32. Rfb1 {[%clk 0:00:38]} Qd5 {[%clk 0:00:09]} 33. Qf1
{[%clk 0:00:24]} Re7 {[%clk 0:00:10]} 34. Qe1 {[%clk 0:00:25]} Rd7
{[%clk 0:00:08]} 35. Qb4 {[%clk 0:00:26]} Kh7 {[%clk 0:00:07]} 36. Rd1
{[%clk 0:00:26]} g5 {[%clk 0:00:06]} 37. Qe1 {[%clk 0:00:15]} g4 {[%clk 0:00:07]}
38. Nc1 {[%clk 0:00:15]} h5 {[%clk 0:00:07]} 39. Ne2 {[%clk 0:00:16]} h4
{[%clk 0:00:06]} 40. Rdb1 {[%clk 0:00:18]} Ra7 {[%clk 0:00:07]} 41. a6
{[%clk 0:00:18]} bxa6 {[%clk 0:00:06]} 42. Qa5 {[%clk 0:00:19]} g3
{[%clk 0:00:07]} 43. h3 {[%clk 0:00:19]} Rg7 {[%clk 0:00:05]} 44. Rb6
{[%clk 0:00:20]} Qd7 {[%clk 0:00:04]} 45. Rxa6 {[%clk 0:00:20]} Rxa6
{[%clk 0:00:05]} 46. Qxa6 {[%clk 0:00:21]} Be7 {[%clk 0:00:03]} 47. Rb7
{[%clk 0:00:22]} Qd5 {[%clk 0:00:03]} 48. Qa4 {[%clk 0:00:17]} Bf6
{[%clk 0:00:03]} 49. Rxg7+ {[%clk 0:00:18]} Bxg7 {[%clk 0:00:04]} 50. Qb3
{[%clk 0:00:19]} Qd7 {[%clk 0:00:05]} 51. a4 {[%clk 0:00:20]} Nf6
{[%clk 0:00:05]} 52. Nc3 {[%clk 0:00:19]} Nd5 {[%clk 0:00:04]} 53. Nxd5
{[%clk 0:00:20]} exd5 {[%clk 0:00:05]} 54. a5 {[%clk 0:00:20]} Qa7
{[%clk 0:00:05]} 55. Qb6 {[%clk 0:00:21]} Qe7 {[%clk 0:00:07]} 56. Qb3
{[%clk 0:00:20]} Bxd4 {[%clk 0:00:07]} 57. a6 {[%clk 0:00:17]} Bxe3+
{[%clk 0:00:07]} 58. Kf1 {[%clk 0:00:18]} Bxc5 {[%clk 0:00:08]} 59. Qc2
{[%clk 0:00:19]} Kg6 {[%clk 0:00:05]} 60. Qe2 {[%clk 0:00:13]} Qxe2+ 61. Kxe2
{[%clk 0:00:15]} Ba7 {[%clk 0:00:05]} 62. Kd3 {[%clk 0:00:15]} c5
{[%clk 0:00:06]} 63. Kd4 0-1

[Event "Blitz 2018"]
[Site "Saint-Petersburg"]
[Date "2018.12.29"]
[Round "1"]
[Board "54"]
[White "Kirchei Viktoriia (RUS)"]
[Black "Lelekova Olga (RUS)"]
[Result "0-1"]
[BlackElo "2261"]
[WhiteElo "2005"]
[LiveChessVersion "1.4.8"]

1. e4 {[%clk 0:03:02]} c5 {[%clk 0:03:04]} 2. d3 {[%clk 0:03:03]} Nc6
{[%clk 0:03:04]} 3. g3 {[%clk 0:03:05]} g6 {[%clk 0:03:05]} 4. Bg2
{[%clk 0:03:06]} Bg7 {[%clk 0:03:07]} 5. f4 {[%clk 0:03:05]} d6 {[%clk 0:03:05]}
6. Nf3 {[%clk 0:03:06]} e5 {[%clk 0:03:05]} 7. c3 {[%clk 0:03:05]} Nge7
{[%clk 0:03:06]} 8. O-O {[%clk 0:03:06]} O-O {[%clk 0:03:07]} 9. Be3
{[%clk 0:03:06]} a6 {[%clk 0:03:06]} 10. Nbd2 {[%clk 0:02:46]} b5
{[%clk 0:03:07]} 11. fxe5 {[%clk 0:02:47]} Nxe5 {[%clk 0:02:59]} 12. Nxe5
{[%clk 0:02:47]} Bxe5 {[%clk 0:02:59]} 13. Bh6 {[%clk 0:02:45]} Bg7
{[%clk 0:02:53]} 14. Bxg7 {[%clk 0:02:39]} Kxg7 {[%clk 0:02:54]} 15. Qf3
{[%clk 0:02:26]} Nc6 {[%clk 0:02:19]} 16. e5 {[%clk 0:02:10]} Bb7
{[%clk 0:02:20]} 17. Qf6+ {[%clk 0:01:45]} Qxf6 {[%clk 0:02:18]} 18. exf6+
{[%clk 0:01:46]} Kg8 {[%clk 0:02:16]} 19. Ne4 {[%clk 0:01:47]} Rad8
{[%clk 0:02:14]} 20. Rad1 {[%clk 0:01:33]} Ne5 {[%clk 0:02:08]} 21. h3
{[%clk 0:01:23]} Ba8 {[%clk 0:01:54]} 22. Rfe1 {[%clk 0:01:22]} Rfe8
{[%clk 0:01:39]} 23. Nxd6 {[%clk 0:01:09]} Rxd6 {[%clk 0:00:51]} 24. Bxa8
{[%clk 0:01:09]} Rxf6 {[%clk 0:00:49]} 25. Kg2 {[%clk 0:00:47]} Rfe6
{[%clk 0:00:34]} 26. Be4 {[%clk 0:00:47]} Kg7 {[%clk 0:00:34]} 27. Bd5
{[%clk 0:00:31]} R6e7 {[%clk 0:00:32]} 28. Re2 {[%clk 0:00:26]} f6
{[%clk 0:00:33]} 29. Rde1 {[%clk 0:00:27]} Rd8 {[%clk 0:00:34]} 30. Be4
{[%clk 0:00:23]} Red7 {[%clk 0:00:35]} 31. Rd1 {[%clk 0:00:09]} Nxd3
{[%clk 0:00:35]} 32. Red2 {[%clk 0:00:05]} c4 {[%clk 0:00:36]} 33. Bc6
{[%clk 0:00:05]} Ne1+ {[%clk 0:00:35]} 34. Rxe1 {[%clk 0:00:04]} Rxd2+
{[%clk 0:00:36]} 35. Re7+ {[%clk 0:00:06]} 0-1

[Event "Blitz 2018"]
[Site "Saint-Petersburg"]
[Date "2018.12.29"]
[Round "2"]
[Board "4"]
[White "Ju Wenjun (CHN)"]
[Black "Mirzoeva Elmira (RUS)"]
[Result "1-0"]
[BlackElo "2295"]
[WhiteElo "2558"]
[LiveChessVersion "1.4.8"]

1. d4 {[%clk 0:03:02]} d6 {[%clk 0:03:03]} 2. Nf3 {[%clk 0:03:03]} g6
{[%clk 0:03:02]} 3. e4 {[%clk 0:03:03]} Bg7 {[%clk 0:03:03]} 4. Bc4
{[%clk 0:03:03]} e6 {[%clk 0:02:50]} 5. O-O {[%clk 0:03:02]} Ne7 {[%clk 0:02:51]}
6. Re1 {[%clk 0:02:59]} O-O {[%clk 0:02:51]} 7. c3 {[%clk 0:03:00]} Nd7
{[%clk 0:02:40]} 8. Nbd2 {[%clk 0:03:00]} b6 {[%clk 0:02:36]} 9. Nf1
{[%clk 0:02:58]} Bb7 {[%clk 0:02:36]} 10. Ng3 {[%clk 0:02:59]} a6
{[%clk 0:02:19]} 11. a4 {[%clk 0:03:00]} c5 {[%clk 0:02:04]} 12. Bb3
{[%clk 0:02:41]} Qc7 {[%clk 0:02:02]} 13. Bf4 {[%clk 0:02:40]} e5
{[%clk 0:01:53]} 14. Bg5 {[%clk 0:02:28]} Nc6 {[%clk 0:01:43]} 15. dxe5
{[%clk 0:02:24]} Ndxe5 {[%clk 0:01:12]} 16. Nxe5 {[%clk 0:02:24]} Nxe5
{[%clk 0:00:57]} 17. Qd2 {[%clk 0:02:13]} c4 {[%clk 0:00:50]} 18. Bc2
{[%clk 0:02:14]} f6 {[%clk 0:00:49]} 19. Be3 {[%clk 0:02:10]} Rab8
{[%clk 0:00:31]} 20. Ne2 {[%clk 0:02:02]} Rfd8 {[%clk 0:00:31]} 21. Nf4
{[%clk 0:02:01]} Re8 {[%clk 0:00:20]} 22. Rad1 {[%clk 0:01:57]} Nf7
{[%clk 0:00:20]} 23. h4 {[%clk 0:01:47]} Bxe4 {[%clk 0:00:16]} 24. Bxe4
{[%clk 0:01:08]} Rxe4 {[%clk 0:00:18]} 25. h5 {[%clk 0:01:09]} Ne5
{[%clk 0:00:08]} 26. Qd5+ {[%clk 0:01:09]} Qf7 {[%clk 0:00:06]} 27. Qxe4
{[%clk 0:01:09]} f5 {[%clk 0:00:06]} 28. Qd5 {[%clk 0:01:10]} g5 {[%clk 0:00:06]}
29. Qxf7+ {[%clk 0:01:10]} Kxf7 {[%clk 0:00:06]} 30. Nd5 {[%clk 0:01:06]} Nd3
{[%clk 0:00:07]} 31. Re2 {[%clk 0:01:05]} f4 {[%clk 0:00:08]} 32. Bxb6
{[%clk 0:01:01]} Be5 {[%clk 0:00:05]} 33. a5 {[%clk 0:00:53]} Ke6
{[%clk 0:00:05]} 34. Nc7+ {[%clk 0:00:53]} Kd7 {[%clk 0:00:05]} 35. Nxa6
{[%clk 0:00:53]} Ra8 {[%clk 0:00:04]} 36. Nb4 {[%clk 0:00:53]} Nxb4
{[%clk 0:00:03]} 37. cxb4 {[%clk 0:00:53]} Ke6 {[%clk 0:00:04]} 38. b5
{[%clk 0:00:52]} Kd5 1-0

[Event "Blitz 2018"]
[Site "Saint-Petersburg"]
[Date "2018.12.29"]
[Round "2"]
[Board "15"]
[White "Solozhenkina Elizaveta (RUS)"]
[Black "Ambartsumova Karina (RUS)"]
[Result "1/2-1/2"]
[BlackElo "2387"]
[WhiteElo "2148"]
[LiveChessVersion "1.4.8"]

1. Nf3 {[%clk 0:03:03]} Nf6 {[%clk 0:03:03]} 2. g3 {[%clk 0:03:04]} g6
{[%clk 0:03:04]} 3. d4 {[%clk 0:03:05]} Bg7 {[%clk 0:03:05]} 4. Bg2
{[%clk 0:03:05]} O-O {[%clk 0:03:05]} 5. O-O {[%clk 0:03:06]} d6 {[%clk 0:03:06]}
6. Nc3 {[%clk 0:03:07]} Na6 {[%clk 0:02:47]} 7. e4 {[%clk 0:03:03]} c5
{[%clk 0:02:47]} 8. e5 {[%clk 0:02:35]} Ne8 {[%clk 0:02:28]} 9. Bf4
{[%clk 0:02:04]} cxd4 {[%clk 0:02:01]} 10. Qxd4 {[%clk 0:01:59]} Nec7
{[%clk 0:02:03]} 11. Qe3 {[%clk 0:01:40]} d5 {[%clk 0:01:44]} 12. Nd4
{[%clk 0:01:36]} Nc5 {[%clk 0:01:34]} 13. Rad1 {[%clk 0:01:35]} N5e6
{[%clk 0:01:28]} 14. Nxe6 {[%clk 0:01:28]} Bxe6 {[%clk 0:01:29]} 15. Qd2
{[%clk 0:01:17]} Bg4 {[%clk 0:01:00]} 16. Ne2 {[%clk 0:01:02]} Qd7
{[%clk 0:00:55]} 17. c4 {[%clk 0:00:53]} Bxe2 {[%clk 0:00:36]} 18. Qxe2
{[%clk 0:00:53]} e6 {[%clk 0:00:38]} 19. Rd2 {[%clk 0:00:42]} Qa4
{[%clk 0:00:32]} 20. b3 {[%clk 0:00:42]} Qa5 {[%clk 0:00:33]} 21. Rfd1
{[%clk 0:00:24]} Rad8 {[%clk 0:00:30]} 22. h4 {[%clk 0:00:21]} h6
{[%clk 0:00:29]} 23. Qe3 {[%clk 0:00:20]} Kh7 {[%clk 0:00:30]} 24. cxd5
{[%clk 0:00:16]} Nxd5 {[%clk 0:00:30]} 25. Bxd5 {[%clk 0:00:17]} exd5
{[%clk 0:00:29]} 26. Rd4 {[%clk 0:00:11]} a6 {[%clk 0:00:28]} 27. Qd3
{[%clk 0:00:11]} Qxa2 {[%clk 0:00:25]} 28. Rxd5 {[%clk 0:00:11]} Rxd5
{[%clk 0:00:24]} 29. Qxd5 {[%clk 0:00:12]} b5 {[%clk 0:00:21]} 30. Rc1
{[%clk 0:00:11]} Qe2 {[%clk 0:00:13]} 31. Rc6 {[%clk 0:00:10]} a5
{[%clk 0:00:12]} 32. Rc7 {[%clk 0:00:08]} a4 {[%clk 0:00:11]} 33. bxa4
{[%clk 0:00:09]} bxa4 {[%clk 0:00:12]} 34. Ra7 {[%clk 0:00:09]} Qc2
{[%clk 0:00:09]} 35. Qa5 {[%clk 0:00:05]} Qb1+ {[%clk 0:00:08]} 36. Kg2
{[%clk 0:00:05]} Qe4+ {[%clk 0:00:09]} 37. Kf3 Qxf3 {[%clk 0:00:07]} 38. Qd2
{[%clk 0:00:04]} a3 {[%clk 0:00:08]} 39. Qe3 {[%clk 0:00:05]} Qxe3 40. Bxe3
{[%clk 0:00:05]} Bxe5 {[%clk 0:00:07]} 41. Rxa3 {[%clk 0:00:06]} Kg7
{[%clk 0:00:08]} 42. Ra5 {[%clk 0:00:07]} Bf6 {[%clk 0:00:08]} 1/2-1/2

[Event "Blitz 2018"]
[Site "Saint-Petersburg"]
[Date "2018.12.29"]
[Round "2"]
[Board "24"]
[White "Shaydullina Sandugach (RUS)"]
[Black "Vo Thi Kim Phung (VIE)"]
[Result "0-1"]
[BlackElo "2320"]
[WhiteElo "2057"]
[LiveChessVersion "1.4.8"]

1. Nf3 {[%clk 0:03:03]} Nf6 {[%clk 0:03:03]} 2. c4 {[%clk 0:03:04]} e6
{[%clk 0:03:04]} 3. g3 {[%clk 0:03:05]} d5 {[%clk 0:03:05]} 4. d4
{[%clk 0:03:06]} c5 {[%clk 0:03:02]} 5. Nc3 {[%clk 0:03:05]} dxc4
{[%clk 0:03:00]} 6. Bg2 {[%clk 0:03:06]} Nc6 {[%clk 0:02:58]} 7. Be3
{[%clk 0:03:01]} Ng4 {[%clk 0:02:39]} 8. Bg5 {[%clk 0:03:02]} f6 {[%clk 0:02:23]}
9. Be3 {[%clk 0:02:45]} Nxe3 {[%clk 0:02:21]} 10. fxe3 {[%clk 0:02:45]} Be7
{[%clk 0:02:14]} 11. O-O {[%clk 0:02:45]} O-O {[%clk 0:02:14]} 12. Rc1
{[%clk 0:02:27]} Na5 {[%clk 0:02:01]} 13. Ne4 {[%clk 0:02:07]} Qc7
{[%clk 0:01:46]} 14. b3 {[%clk 0:01:59]} Rd8 {[%clk 0:01:25]} 15. Qc2
{[%clk 0:01:47]} Bd7 {[%clk 0:01:14]} 16. dxc5 {[%clk 0:01:37]} Bxc5
{[%clk 0:01:13]} 17. Nxc5 {[%clk 0:01:17]} Qxc5 {[%clk 0:01:14]} 18. Nd4
{[%clk 0:01:18]} e5 {[%clk 0:01:07]} 19. b4 {[%clk 0:01:19]} Qxb4
{[%clk 0:01:03]} 20. Bd5+ {[%clk 0:01:12]} Kh8 {[%clk 0:01:03]} 21. Ne6
{[%clk 0:01:12]} Bxe6 {[%clk 0:00:59]} 22. Bxe6 {[%clk 0:01:13]} Qb6
{[%clk 0:00:58]} 23. Bf5 {[%clk 0:01:06]} Qxe3+ {[%clk 0:00:58]} 24. Rf2
{[%clk 0:00:56]} Rd2 {[%clk 0:00:56]} 25. Qc3 Qxc3 {[%clk 0:00:49]} 26. Rxc3
{[%clk 0:00:59]} Rxa2 {[%clk 0:00:47]} 27. Be4 {[%clk 0:00:50]} Rd8
{[%clk 0:00:46]} 28. g4 {[%clk 0:00:49]} b5 {[%clk 0:00:36]} 29. g5
{[%clk 0:00:49]} fxg5 {[%clk 0:00:30]} 30. Rcf3 {[%clk 0:00:42]} g6
{[%clk 0:00:25]} 31. Rf7 {[%clk 0:00:40]} Rd1+ {[%clk 0:00:11]} 32. Kg2
{[%clk 0:00:41]} Rdd2 {[%clk 0:00:12]} 33. Bf3 {[%clk 0:00:22]} Kg8
{[%clk 0:00:11]} 34. Rxa7 {[%clk 0:00:22]} Nb3 {[%clk 0:00:11]} 35. Bd5+
{[%clk 0:00:21]} Rxd5 {[%clk 0:00:11]} 36. Ra8+ {[%clk 0:00:21]} Kg7
{[%clk 0:00:13]} 37. Rb8 {[%clk 0:00:23]} Nd4 {[%clk 0:00:13]} 38. e3
{[%clk 0:00:24]} Nf5 {[%clk 0:00:13]} 39. Rxb5 {[%clk 0:00:25]} Nxe3+
{[%clk 0:00:14]} 40. Kf3 {[%clk 0:00:26]} 0-1

[Event "Blitz 2018"]
[Site "Saint-Petersburg"]
[Date "2018.12.29"]
[Round "2"]
[Board "35"]
[White "Skripchenko Almira (FRA)"]
[Black "Munkhzul Turmunkh (MGL)"]
[Result "1-0"]
[BlackElo "1936"]
[WhiteElo "2396"]
[LiveChessVersion "1.4.8"]

1. e4 {[%clk 0:03:03]} c5 {[%clk 0:03:03]} 2. Nf3 {[%clk 0:03:04]} d6
{[%clk 0:03:05]} 3. c3 {[%clk 0:03:04]} Nf6 {[%clk 0:03:03]} 4. h3
{[%clk 0:03:05]} Nc6 {[%clk 0:03:02]} 5. Bd3 {[%clk 0:03:06]} e5 {[%clk 0:03:03]}
6. Bc2 {[%clk 0:03:06]} g6 {[%clk 0:03:03]} 7. d4 {[%clk 0:03:05]} cxd4
{[%clk 0:02:59]} 8. cxd4 {[%clk 0:03:05]} exd4 {[%clk 0:02:31]} 9. Nxd4
{[%clk 0:03:05]} Bg7 {[%clk 0:02:32]} 10. Nb5 {[%clk 0:02:31]} O-O
{[%clk 0:01:27]} 11. N1c3 {[%clk 0:02:10]} Nb4 {[%clk 0:01:11]} 12. Bb3
{[%clk 0:02:02]} d5 {[%clk 0:00:30]} 13. exd5 {[%clk 0:01:56]} Re8+
{[%clk 0:00:29]} 14. Be3 {[%clk 0:01:56]} a6 {[%clk 0:00:28]} 15. Na3
{[%clk 0:01:51]} Bf5 {[%clk 0:00:13]} 16. O-O {[%clk 0:01:44]} Rc8
{[%clk 0:00:10]} 17. Qd2 {[%clk 0:01:35]} a5 {[%clk 0:00:04]} 18. Rfd1
{[%clk 0:01:26]} Ne4 {[%clk 0:00:05]} 19. Nxe4 {[%clk 0:01:25]} Bxe4
{[%clk 0:00:07]} 20. d6 {[%clk 0:01:19]} Nc6 {[%clk 0:00:08]} 21. Nb5
{[%clk 0:01:18]} Qd7 {[%clk 0:00:09]} 22. Bf4 {[%clk 0:01:08]} Nb4
{[%clk 0:00:10]} 23. Nc7 Red8 24. Bg3 {[%clk 0:01:06]} Nd3 {[%clk 0:00:10]} 25.
Qe3 {[%clk 0:01:03]} Bf5 {[%clk 0:00:11]} 26. Rxd3 {[%clk 0:01:04]} Bxd3
{[%clk 0:00:12]} 27. Qxd3 {[%clk 0:01:05]} Bxb2 {[%clk 0:00:11]} 28. Rd1
{[%clk 0:01:05]} Bg7 {[%clk 0:00:12]} 29. Qf3 {[%clk 0:00:59]} b5
{[%clk 0:00:12]} 30. Bd5 {[%clk 0:00:55]} b4 {[%clk 0:00:10]} 31. Bc6
{[%clk 0:00:42]} Qf5 {[%clk 0:00:10]} 32. Qxf5 {[%clk 0:00:43]} gxf5
{[%clk 0:00:11]} 33. Ba4 {[%clk 0:00:39]} Bf6 {[%clk 0:00:08]} 34. Nd5
{[%clk 0:00:40]} Bg5 {[%clk 0:00:08]} 35. d7 {[%clk 0:00:26]} Ra8
{[%clk 0:00:10]} 36. Bc7 {[%clk 0:00:26]} Rxd7 {[%clk 0:00:06]} 37. Bxd7
{[%clk 0:00:27]} a4 {[%clk 0:00:08]} 38. Nxb4 {[%clk 0:00:26]} Be7
{[%clk 0:00:06]} 39. Nd5 {[%clk 0:00:26]} Bd8 {[%clk 0:00:05]} 40. Bxd8
{[%clk 0:00:24]} Rxd8 {[%clk 0:00:06]} 41. Bxf5 {[%clk 0:00:25]} Kf8
{[%clk 0:00:06]} 42. Be4 {[%clk 0:00:25]} Rb8 {[%clk 0:00:05]} 43. Rb1
{[%clk 0:00:25]} Re8 {[%clk 0:00:05]} 44. Bf3 {[%clk 0:00:26]} Rd8
{[%clk 0:00:05]} 45. Rb4 {[%clk 0:00:26]} a3 {[%clk 0:00:06]} 46. Ra4
{[%clk 0:00:27]} Rb8 {[%clk 0:00:05]} 47. Rxa3 {[%clk 0:00:28]} Kg7
{[%clk 0:00:04]} 48. Kh2 {[%clk 0:00:29]} Rb5 {[%clk 0:00:05]} 49. Ra7
{[%clk 0:00:30]} Rb2 {[%clk 0:00:06]} 50. Kg3 {[%clk 0:00:30]} Kg6
{[%clk 0:00:05]} 51. a4 {[%clk 0:00:30]} Ra2 {[%clk 0:00:06]} 52. a5
{[%clk 0:00:31]} Ra3 {[%clk 0:00:07]} 53. a6 {[%clk 0:00:32]} f5 {[%clk 0:00:07]}
54. Nf4+ {[%clk 0:00:33]} Kf6 {[%clk 0:00:08]} 55. Ra8 {[%clk 0:00:31]} h5
{[%clk 0:00:04]} 56. h4 {[%clk 0:00:32]} Ke5 {[%clk 0:00:04]} 57. a7
{[%clk 0:00:31]} Kd5 1-0

[Event "Blitz 2018"]
[Site "Saint-Petersburg"]
[Date "2018.12.29"]
[Round "3"]
[Board "6"]
[White "Stefanova Antoaneta (BUL)"]
[Black "Bodnaruk Anastasia (RUS)"]
[Result "0-1"]
[BlackElo "2366"]
[WhiteElo "2496"]
[LiveChessVersion "1.4.8"]

1. d4 {[%clk 0:03:03]} Nf6 {[%clk 0:03:03]} 2. Nf3 {[%clk 0:03:04]} g6
{[%clk 0:03:05]} 3. g3 {[%clk 0:03:05]} Bg7 {[%clk 0:03:06]} 4. Bg2
{[%clk 0:03:07]} O-O {[%clk 0:03:07]} 5. O-O {[%clk 0:03:08]} d5 {[%clk 0:03:08]}
6. Be3 {[%clk 0:02:59]} Ne4 {[%clk 0:02:48]} 7. Nbd2 {[%clk 0:02:57]} c5
{[%clk 0:02:20]} 8. c3 {[%clk 0:02:52]} cxd4 {[%clk 0:02:11]} 9. Bxd4
{[%clk 0:02:48]} Nxd2 {[%clk 0:02:03]} 10. Qxd2 {[%clk 0:02:47]} f6
{[%clk 0:02:03]} 11. Rad1 {[%clk 0:02:35]} Be6 {[%clk 0:02:03]} 12. Bc5
{[%clk 0:02:25]} Qc7 {[%clk 0:01:58]} 13. Ba3 {[%clk 0:02:22]} Bf7
{[%clk 0:01:57]} 14. Ne1 {[%clk 0:02:19]} Rd8 {[%clk 0:01:49]} 15. e4
{[%clk 0:02:20]} e6 {[%clk 0:01:24]} 16. exd5 {[%clk 0:02:18]} exd5
{[%clk 0:01:25]} 17. Nc2 {[%clk 0:02:16]} Nc6 {[%clk 0:01:26]} 18. Rfe1
{[%clk 0:02:08]} f5 {[%clk 0:01:20]} 19. Nd4 {[%clk 0:02:06]} Nxd4
{[%clk 0:01:15]} 20. cxd4 Rd7 21. Rc1 {[%clk 0:02:04]} Qb6 {[%clk 0:01:14]} 22.
Rc5 {[%clk 0:01:55]} Bf8 {[%clk 0:01:09]} 23. Rc3 {[%clk 0:01:52]} Bg7
{[%clk 0:01:09]} 24. Bc5 {[%clk 0:01:44]} Qd8 {[%clk 0:01:09]} 25. Rce3
{[%clk 0:01:35]} b6 {[%clk 0:00:54]} 26. Ba3 {[%clk 0:01:33]} Qf6
{[%clk 0:00:51]} 27. Re5 {[%clk 0:01:24]} Rc8 {[%clk 0:00:46]} 28. Bf1
{[%clk 0:01:15]} Qc6 {[%clk 0:00:44]} 29. R5e2 {[%clk 0:01:05]} Qa4
{[%clk 0:00:41]} 30. Rd1 {[%clk 0:00:29]} Rdc7 {[%clk 0:00:35]} 31. Qb4
{[%clk 0:00:25]} Qxd1 {[%clk 0:00:35]} 32. Re1 {[%clk 0:00:23]} Qh5
{[%clk 0:00:20]} 33. Ba6 {[%clk 0:00:22]} Rd8 {[%clk 0:00:18]} 34. Re7
{[%clk 0:00:20]} Rxe7 {[%clk 0:00:18]} 35. Qxe7 {[%clk 0:00:21]} Rf8
{[%clk 0:00:13]} 36. Qxa7 {[%clk 0:00:21]} Re8 {[%clk 0:00:11]} 37. Qxb6
{[%clk 0:00:21]} Qd1+ {[%clk 0:00:11]} 38. Kg2 {[%clk 0:00:22]} Qxd4
{[%clk 0:00:11]} 39. Qc6 {[%clk 0:00:21]} f4 {[%clk 0:00:09]} 40. gxf4
{[%clk 0:00:20]} Qxf4 {[%clk 0:00:10]} 41. Bd6 {[%clk 0:00:18]} Qg4+
{[%clk 0:00:11]} 42. Bg3 {[%clk 0:00:19]} Qe4+ {[%clk 0:00:12]} 43. Kg1
{[%clk 0:00:16]} d4 {[%clk 0:00:13]} 44. Qxe4 {[%clk 0:00:09]} Rxe4
{[%clk 0:00:14]} 45. a4 {[%clk 0:00:07]} Re1+ {[%clk 0:00:12]} 46. Kg2
{[%clk 0:00:09]} Bd5+ {[%clk 0:00:11]} 47. Kh3 {[%clk 0:00:10]} Be4
{[%clk 0:00:11]} 48. Bc4+ {[%clk 0:00:10]} Kf8 {[%clk 0:00:11]} 49. f3
{[%clk 0:00:11]} Bf5+ 50. Kg2 {[%clk 0:00:11]} Rc1 {[%clk 0:00:11]} 51. b3
{[%clk 0:00:12]} d3 {[%clk 0:00:12]} 52. Bf4 {[%clk 0:00:12]} Rc2+
{[%clk 0:00:13]} 53. Kf1 {[%clk 0:00:13]} Bd4 {[%clk 0:00:09]} 54. Ke1
{[%clk 0:00:10]} Bc3+ {[%clk 0:00:09]} 55. Kf1 {[%clk 0:00:07]} d2
{[%clk 0:00:09]} 56. Ke2 {[%clk 0:00:08]} Rc1 {[%clk 0:00:08]} 57. Bxd2
{[%clk 0:00:08]} Rc2 {[%clk 0:00:09]} 58. Ke3 {[%clk 0:00:08]} Rxd2
{[%clk 0:00:10]} 59. Kd4 0-1